Score 0/93 Timer 10:00
0 Plays Today
% Correct
Denmark
96.1%
Ethiopia
96.1%
Netherlands
95.7%
Serbia
95.7%
Albania
95.4%
Philippines
95.4%
Indonesia
95.4%
North Korea
95.4%
Madagascar
95.4%
Poland
95.4%
Syria
95.4%
Armenia
95%
Georgia
95%
Canada
95%
Mexico
95%
Mozambique
95%
Mongolia
95%
Papua New Guinea
95%
Ukraine
95%
Azerbaijan
94.6%
Egypt
94.6%
Greece
94.6%
Iraq
94.6%
Italy
94.6%
Cape Verde
94.6%
Cuba
94.6%
Luxembourg
94.6%
Macedonia
94.6%
Morocco
94.6%
Norway
94.6%
New Zealand
94.6%
% Correct
Saint Vincent and the Grenadines
94.6%
Saudi Arabia
94.6%
Slovenia
94.6%
Suriname
94.6%
Tajikistan
94.6%
Chad
94.6%
Turkey
94.6%
Algeria
94.3%
Belgium
94.3%
Brazil
94.3%
India
94.3%
Cambodia
94.3%
South Korea
94.3%
Lebanon
94.3%
Libya
94.3%
Mauritania
94.3%
Romania
94.3%
Australia
93.9%
Central African Republic
93.9%
Jordan
93.9%
Croatia
93.9%
Solomon Islands
93.9%
Spain
93.9%
Bosnia and Herzegovina
93.6%
Bulgaria
93.6%
Cyprus
93.6%
Equatorial Guinea
93.6%
Ireland
93.6%
Yemen
93.6%
Cameroon
93.6%
Kyrgyzstan
93.6%
% Correct
Seychelles
93.6%
Vatican
93.6%
Marshall Islands
93.2%
United States
93.2%
Dominican Republic
92.9%
Iceland
92.9%
Moldova
92.9%
Russia
92.9%
France
92.5%
China
92.5%
Micronesia
92.5%
Slovakia
92.5%
South Africa
92.5%
Sweden
92.1%
Maldives
91.4%
United Arab Emirates
91.1%
Democratic Republic of the Congo
91.1%
Lithuania
91.1%
Switzerland
90.7%
Estonia
90%
Austria
89.3%
Comoros
87.9%
Hungary
87.5%
Latvia
86.8%
Czech Republic
84.3%
Republic of the Congo
82.9%
United Kingdom
78.9%
Germany
77.5%
Timor-Leste
76.4%
Cote d'Ivoire
72.1%
Belarus
70.7%
Remove Ads.
Support Sporcle.
Get the best of Sporcle when you Go Orange. This ad-free experience offers more features, more stats, and more fun while also helping to support Sporcle. Thank you for becoming a member.

You're not logged in!

Compare scores with friends on all Sporcle quizzes.
OR
Log In

Show Comments

Extras

Created Oct 8, 2013ReportNominate
Tags:Country Quiz, Swedish

Top Quizzes Today


Score Distribution

Your Account Isn't Verified!

In order to create a playlist on Sporcle, you need to verify the email address you used during registration. Go to your Sporcle Settings to finish the process.

Report this User

Report this user for behavior that violates our Community Guidelines.

Details: